| 000 | 00605cam a2200229ua 4500 | ||
|---|---|---|---|
| 020 |
_a81 224 0784 6 _c185.00 |
||
| 041 |
_aeng _h |
||
| 082 |
_a621.4022 _bKOT/FU |
||
| 100 | _aKothandaraman, C.P. | ||
| 245 |
_aFundamentals of heat and mass transfer / _cC P Kothandaraman. _hTextual Documents |
||
| 250 |
_a1 / _b. |
||
| 260 |
_aNew Delhi : _bNew Age International Ltd , _c1995. |
||
| 300 | _a894 ; . | ||
| 365 | _a185.00 | ||
| 500 | _a18965-67 Scheme | ||
| 504 | _a | ||
| 942 | _cBK | ||
| 999 |
_c11076 _d11076 |
||